NBA Block Champs Quiz - Statistics

General Stats
  • This quiz has been taken 270 times
    29 since last reset
  • The average score is 32 of 52
Answer Stats
Year BPG Player % Correct
2025 3.8 Victor Wembanyama
100%
2024 3.6 Victor Wembanyama
100%
1993 4.2 Hakeem Olajuwon
91%
1991 3.9 Hakeem Olajuwon
91%
1990 4.6 Hakeem Olajuwon
91%
1980 3.4 Kareem Abdul-Jabbar
91%
1979 4.0 Kareem Abdul-Jabbar
91%
1977 3.2 Kareem Abdul-Jabbar
91%
1976 4.1 Kareem Abdul-Jabbar
91%
1975 3.3 Kareem Abdul-Jabbar
91%
1992 4.5 David Robinson
86%
1996 4.5 Dikembe Mutombo
86%
1995 3.9 Dikembe Mutombo
86%
1994 4.1 Dikembe Mutombo
86%
2010 2.8 Dwight Howard
86%
2009 2.9 Dwight Howard
86%
2017 2.6 Rudy Gobert
82%
2023 3.0 Jaren Jackson Jr.
77%
2022 2.3 Jaren Jackson Jr.
77%
1988 3.7 Mark Eaton
77%
1987 4.1 Mark Eaton
77%
1985 5.6 Mark Eaton
77%
1984 4.3 Mark Eaton
77%
1989 4.3 Manute Bol
73%
1986 5.0 Manute Bol
73%
2018 2.6 Anthony Davis
68%
2002 3.5 Ben Wallace
68%
2015 2.9 Anthony Davis
59%
2014 2.8 Anthony Davis
59%
2020 2.9 Hassan Whiteside
59%
2016 3.7 Hassan Whiteside
59%
2000 3.7 Alonzo Mourning
55%
1999 3.9 Alonzo Mourning
55%
2008 3.6 Marcus Camby
45%
2007 3.3 Marcus Camby
45%
2006 3.3 Marcus Camby
45%
1998 3.7 Marcus Camby
45%
2013 3.0 Serge Ibaka
45%
2012 3.7 Serge Ibaka
45%
2021 3.4 Myles Turner
36%
2019 2.7 Myles Turner
36%
1997 3.4 Shawn Bradley
32%
2011 2.6 Andrew Bogut
27%
2004 3.6 Theo Ratliff
27%
2003 3.2 Theo Ratliff
27%
2001 3.7 Theo Ratliff
27%
1983 4.3 Tree Rollins
27%
2005 3.3 Andrei Kirilenko
23%
1982 3.1 George Johnson
23%
1981 3.4 George Johnson
23%
1978 3.4 George Johnson
23%
1974 4.9 Elmore Smith
18%
No matching quizzes found
Score Distribution
Percent of People with Each Score
Percentile by Number Answered
Your Score History
You have not taken this quiz since the last reset